| 000 | 00688nam a22002057a 4500 | ||
|---|---|---|---|
| 003 | OSt | ||
| 005 | 20250815070455.0 | ||
| 008 | 240816b |||||||| |||| 00| 0 eng d | ||
| 020 | _a093421154-x | ||
| 040 |
_aOC _cDWCL-Main lib. |
||
| 082 | _aCirc. 641.5955 B328t 1999 | ||
| 100 | _aBatmanglij, Najmieh K. | ||
| 245 |
_aA taste of Persia : an introduction to Persian cooking / _cNajmieh K. Batmanglij |
||
| 250 | _a1st edition | ||
| 260 |
_aWashington, DC : _bMage Publisher Inc., _cc2006. |
||
| 300 |
_avarious in pagings, 26-176 pages : _bcolor illustrations ; _c26cm. |
||
| 500 | _aIncludes index. | ||
| 650 | _a1. Cookery --- Iranian. | ||
| 942 |
_2ddc _cBK-CIRC _kCirc. _n0 _e1st edition |
||
| 999 |
_c3061 _d3061 |
||